| 000 | 02100nam a2200229Ia 4500 | ||
|---|---|---|---|
| 003 | Ost | ||
| 005 | 20260507075323.0 | ||
| 008 | 260507s9999||||xx |||||||||||||| ||und|| | ||
| 020 | _a21543399579 | ||
| 040 | _cfsecg | ||
| 041 | _aara | ||
| 082 | _a338.479 | ||
| 100 |
_aبظاظو، ابراهيم _eمؤلف |
||
| 245 | 0 |
_aالتخطيط و التسويق السياحي باستخدام GIS / _c ابراهيم بظاظو |
|
| 260 |
_aعمان: _bدار الوراق للنشر والتوزيع, _c2009 |
||
| 300 |
_a341 صفحة؛ _bإيضاحات ؛ _c25 سم |
||
| 520 | _aخصائص و أنماط صناعة السياحة، المقومات الجغرافية للمواقع السياحية، تحليل أنماط و اجاهات الحركة السياحية، استراتيجية و مراحل تخطيط تخطيط المواقع السياحية ، التكامل بين الاقليم التخطيطي و الاقليم السياحي ، تقييم خطط تنمية المواقع السياحية، تطبيقات نظام المعلومات الجغرافي في التخطيط السياحي، النماذج التطويرية للمواقع السياحية، معايير تصنيف المواقع السياحية حسب درجات تطورها و معوقات تطوير المواقع السياحية، متطلباتها و مبادئها، مفهوم التسويق السياحي و العوامل المؤثرة في، الفرق بين الوسائل التقليدية و الوسائل المعتدمة على استخدام نظام المعلومات الجغرافي في تسويق المواقع السياحية، أساليب التسويق المتبعة حاليا في الاردن، تطبيقات نظام المعلومات الجغرافي في التسويق السياحي، مقترحات لتطبيق نظام المعلومات الجغرافي في تسويق المواقع السياحية في الأردن | ||
| 653 | _aالتخطيط | ||
| 653 | _aالتسويق | ||
| 653 | _aالسياحة- اقتصاديات | ||
| 942 | _cكتاب | ||
| 999 |
_c43944 _d43944 |
||